Sports Quiz

Random Sports or Nation Quiz

World Cup 1994 Nations by youngest Player Quiz Stats

Quiz not verified by Sporcle

Challenge
Share
Tweet
Embed
Score 0/24 Timer 04:00
0 Plays Today
Player Nation % Correct
Marc OvermarsNetherlands
98.8%
Ariel OrtegaArgentina
98.8%
Oliver KahnGermany
98.8%
RonaldoBrazil
97.7%
Vladimir BeschastnykhRussia
96.5%
Lee Woon-JaeSouth Korea
96.5%
Jesper BlomqvistSweden
94.2%
Demetrio AlbertiniItaly
94.2%
Rigobert SongCameroon
93%
Sunday OlisehNigeria
91.9%
Gary KellyIreland
91.9%
Claudio ReynaUSA
88.4%
Player Nation % Correct
Nikos MachlasGreece
84.9%
Corneliu PapurăRomania
82.6%
Abdullah ZubromawiSaudi Arabia
81.4%
Velko YotovBulgaria
80.2%
Ramón RamírezMexico
79.1%
Hassan KachloulMorocco
79.1%
Sigurd RushfeldtNorway
74.4%
Julen GuerreroSpain
73.3%
John Harold LozanoColombia
73.3%
Jaime MorenoBolivia
73.3%
Sébastien FournierSwitzerland
65.1%
Pascal RenierBelgium
58.1%

You're not logged in!

Compare scores with friends on all Sporcle quizzes.
Sign Up with Email
OR
Log In

You Might Also Like...

Show Comments

Extras

Top Quizzes Today


Score Distribution

Your Account Isn't Verified!

In order to create a playlist on Sporcle, you need to verify the email address you used during registration. Go to your Sporcle Settings to finish the process.